| 000 | 01767nam a2200397 a 4500 | ||
|---|---|---|---|
| 001 | ebr10495897 | ||
| 003 | CaPaEBR | ||
| 006 | m u | ||
| 007 | cr cn||||||||| | ||
| 008 | 891116s1990 ne a sb 100 0 eng d | ||
| 010 | _z 89018411 | ||
| 020 | _z9027230234 (hb. : alk. paper) | ||
| 020 | _z9789027230232 | ||
| 020 | _z9789027282071 (e-book) | ||
| 040 |
_aCaPaEBR _cCaPaEBR |
||
| 035 | _a(OCoLC)752327682 | ||
| 041 | 0 |
_aeng _acpe |
|
| 043 | _apome--- | ||
| 050 | 1 | 4 |
_aPM7891.Z9 _bN445 1987eb |
| 082 | 0 | 4 |
_a427/.9953 _220 |
| 111 | 2 |
_aInternational Conference of Pidgins and Creoles in Melanesia _n(1st : _d1987 : _cMadang, Papua New Guinea) |
|
| 245 | 1 | 0 |
_aMelanesian Pidgin and Tok Pisin _h[electronic resource] : _bproceedings of the First International Conference of Pidgins and Creoles in Melanesia / _cedited by John W.M. Verhaar. |
| 260 |
_aAmsterdam ; _aPhiladelphia : _bJ. Benjamins Pub. Co., _c1990. |
||
| 300 |
_axiv, 409 p. : _bill. |
||
| 490 | 1 |
_aStudies in language companion series (SLCS), _x0165-7763 ; _vv. 20 |
|
| 500 | _a"Held in July 1987 at Divine Word Institute, Madang, Papua New Guinea"--Introd. | ||
| 504 | _aIncludes bibliographical references. | ||
| 533 |
_aElectronic reproduction. _bPalo Alto, Calif. : _cebrary, _d2011. _nAvailable via World Wide Web. _nAccess may be limited to ebrary affiliated libraries. |
||
| 650 | 0 |
_aTok Pisin language _vCongresses. |
|
| 650 | 0 |
_aPidgin English _zMelanesia _vCongresses. |
|
| 655 | 7 |
_aElectronic books. _2local |
|
| 700 | 1 | _aVerhaar, John W. M. | |
| 710 | 2 | _aebrary, Inc. | |
| 830 | 0 |
_aStudies in language companion series ; _vv. 20. |
|
| 856 | 4 | 0 |
_uhttp://site.ebrary.com/lib/rucke/Doc?id=10495897 _zAn electronic book accessible through the World Wide Web; click to view |
| 999 |
_c130836 _d130836 |
||